Danh pháp hợp chất hữu cơ /

Guardat en:
Dades bibliogràfiques
Autor principal: Trần Quốc Sơn.
Altres autors: Trần Thị Tửu.
Format: Sách giấy
Idioma:Vietnamese
Publicat: H. : Giáo dục, 2007.
Matèries:
Etiquetes: Afegir etiqueta
Sense etiquetes, Sigues el primer a etiquetar aquest registre!
Thư viện lưu trữ: Thư viện Trường Đại học Đà Lạt
LEADER 00833nam a2200325 4500
001 DLU080062219
005 ##20080320
040 # # |a DLU  |b vie 
041 # # |a vie 
044 # # |a vn 
082 # # |a 547.001 4  |b TR-S 
100 # # |a Trần Quốc Sơn. 
245 # # |a Danh pháp hợp chất hữu cơ /  |c Trần Quốc Sơn, Trần Thị Tửu. 
260 # # |a H. :  |b Giáo dục,  |c 2007. 
300 # # |a 148 tr. :  |b minh hoạ ;  |c 21 cm. 
504 # # |a Tài liệu tham khảo: tr.146. 
653 # # |a Giáo trình 
653 # # |a Hợp chất hoá học 
653 # # |a Hoá hữu cơ 
700 # # |a Trần Thị Tửu. 
923 # # |a 01/2008 
992 # # |a 13400 
994 # # |a DLU 
900 # # |a True 
911 # # |a Đào Thị Thu Huyền 
925 # # |a G 
926 # # |a A 
927 # # |a SH 
980 # # |a Thư viện Trường Đại học Đà Lạt